000 00884nam a2200265 i 4500
001 11449
003 ES-MaACL
005 20250731074434.0
008 921110s1992 sp a |||| | spa d
020 _a84-7100-225-6 (rúst.)
080 _a338.1(492.6)"15/18"
080 _a325.4(492.6:7/8)"15/18"
245 0 3 _aLa expansión holandesa en el Atlántico, 1580-1800 /
_cErnst van den Boogaart ... [et al.].
260 _aMadrid :
_bMAPFRE,
_cD.L. 1992.
300 _a348 p :
_bil ;
_c23 cm.
490 1 _aMar y América ;
_v10
500 _aÍndices.
504 _aBibliografía: p. [325]-334.
651 _aHolanda-
_xSituación económica.
_9176292
651 4 _aHolanda-
_xColonias-
_zAmérica.
_98822
700 1 _aBoogaart, Ernst van den.
_930319
830 0 0 _aColección Mar y América
_v10
_9228196
852 _aES-MaACL
_jL-18774
999 _c11449
_d11449